Secrets of the animator / (Record no. 30250)
[ view plain ]
| 000 -LEADER | |
|---|---|
| fixed length control field | 02077nam a2200361 i 4500 |
| 001 - CONTROL NUMBER | |
| control field | 22020214 |
| 003 - CONTROL NUMBER IDENTIFIER | |
| control field | EG-ScBUE |
| 005 - DATE AND TIME OF LATEST TRANSACTION | |
| control field | 20230312125141.0 |
| 008 - FIXED-LENGTH DATA ELEMENTS--GENERAL INFORMATION | |
| fixed length control field | 210504s2022 flua f bf 001 0 eng d |
| 020 ## - INTERNATIONAL STANDARD BOOK NUMBER | |
| International Standard Book Number | 9780367252007 |
| 040 ## - CATALOGING SOURCE | |
| Original cataloging agency | DLC |
| Language of cataloging | eng |
| Description conventions | rda |
| Transcribing agency | DLC |
| Modifying agency | DLC |
| -- | EG-ScBUE |
| 041 1# - LANGUAGE CODE | |
| Language code of text/sound track or separate title | eng |
| Language code of original and/or intermediate translations of text | fre |
| 082 04 - DEWEY DECIMAL CLASSIFICATION NUMBER | |
| Classification number | 777/.7 |
| Edition number | 22 |
| Item number | PEG |
| 100 1# - MAIN ENTRY--PERSONAL NAME | |
| Personal name | Peguet, Julia, |
| Relator term | author. |
| 240 10 - UNIFORM TITLE | |
| Uniform title | <a href="Secrets d'animateur.">Secrets d'animateur.</a> |
| Language of a work | English |
| 245 10 - TITLE STATEMENT | |
| Title | Secrets of the animator / |
| Statement of responsibility, etc | Julia Peguet. |
| 250 ## - EDITION STATEMENT | |
| Edition statement | First edition. |
| 264 #1 - PUBLICATION, DISTRIBUTION, ETC. (IMPRINT) | |
| Place of publication, distribution, etc | Boca Raton : |
| Name of publisher, distributor, etc | CRC Press/Taylor & Francis Group, |
| Date of publication, distribution, etc | 2022. |
| 300 ## - PHYSICAL DESCRIPTION | |
| Extent | 240 pages : |
| Other physical details | chiefly illustrations (some color) ; |
| Dimensions | 28 cm |
| 336 ## - CONTENT TYPE | |
| Content type term | text |
| Content type code | txt |
| Source | rdacontent |
| 337 ## - MEDIA TYPE | |
| Media type term | unmediated |
| Media type code | n |
| Source | rdamedia |
| 338 ## - CARRIER TYPE | |
| Carrier type term | volume |
| Carrier type code | nc |
| Source | rdacarrier |
| 504 ## - BIBLIOGRAPHY, ETC. NOTE | |
| Bibliography, etc | Includes bibliographical references and index. |
| 520 ## - SUMMARY, ETC. | |
| Summary, etc | "Written based on the author's own notes compiled over 18 years, this work is intended for both animation students and professionals. This manual is a learning tool focusing exclusively on the work of animators. It provides all the keys to understanding the principles of motion and how to transfer them to characters, whether drawn or modeled, 2D or 3D, human or animal. Julia Peguet explains the principles of physics applicable to any motion (animation curve, momentum, rebound, etc.) and provides practical tips for stabilizing a puppet, animating a character's mouth and eyes, or even making a character stand out with a particular gait. Sketches and photographs illustrate technical recommendations step by step. Exercises and boxes containing tips and notes are also provided"-- |
| Assigning source | Provided by publisher. |
| 650 #7 - SUBJECT ADDED ENTRY--TOPICAL TERM | |
| Topical term or geographic name as entry element | Animation (Cinematography) |
| Form subdivision | Handbooks, manuals, etc. |
| Source of heading or term | BUEsh |
| 653 ## - INDEX TERM--UNCONTROLLED | |
| Resource For college | Arts and Design |
| Arrived date list | March2023 |
| 655 ## - INDEX TERM--GENRE/FORM | |
| Form subdivision | Reading book |
| 700 1# - ADDED ENTRY--PERSONAL NAME | |
| Relationship information | Translation of: |
| Personal name | Peguet Julia. |
| Title of a work | Secrets d'animateur. |
| 906 ## - LOCAL DATA ELEMENT F, LDF (RLIN) | |
| a | 7 |
| b | cbc |
| c | orignew |
| d | 1 |
| e | ecip |
| f | 20 |
| g | y-gencatlg |
| 942 ## - ADDED ENTRY ELEMENTS (KOHA) | |
| Source of classification or shelving scheme | Dewey Decimal Classification |
| Koha item type | Book - Borrowing |
| Withdrawn status | Lost status | Source of classification or shelving scheme | Damaged status | Not for loan | Collection code | Home library | Current library | Shelving location | Date acquired | Source of acquisition | Cost, normal purchase price | Serial Enumeration / chronology | Total Checkouts | Total Renewals | Full call number | Barcode | Checked out | Date last seen | Date checked out | Cost, replacement price | Price effective from | Koha item type |
|---|---|---|---|---|---|---|---|---|---|---|---|---|---|---|---|---|---|---|---|---|---|---|
| Dewey Decimal Classification | Alahram | Central Library | Central Library | Second Floor | 12/03/2023 | Purchase | 1349.00 | 208 | 2 | 17 | 777/.7 PEG | 000044897 | 07/11/2024 | 03/10/2024 | 03/10/2024 | 1686.25 | 12/03/2023 | Book - Borrowing |